<?xml version="1.0" encoding="UTF-8"?>
<record
    xmlns:xsi="http://www.w3.org/2001/XMLSchema-instance"
    xsi:schemaLocation="http://www.loc.gov/MARC21/slim http://www.loc.gov/standards/marcxml/schema/MARC21slim.xsd"
    xmlns="http://www.loc.gov/MARC21/slim">

  <leader>00866nam a2200205Ia 4500</leader>
  <datafield tag="999" ind1=" " ind2=" ">
    <subfield code="c">39145</subfield>
    <subfield code="d">39145</subfield>
  </datafield>
  <controlfield tag="001">5728</controlfield>
  <controlfield tag="003">GE_BSU</controlfield>
  <controlfield tag="005">20190628152547.0</controlfield>
  <controlfield tag="008">181216s1961||||   |||||||||||||| ||geo||</controlfield>
  <datafield tag="041" ind1=" " ind2=" ">
    <subfield code="a">geo</subfield>
  </datafield>
  <datafield tag="080" ind1=" " ind2=" ">
    <subfield code="a">621.771(075.8) &#x10DC;-81</subfield>
  </datafield>
  <datafield tag="100" ind1=" " ind2=" ">
    <subfield code="a">&#x10DC;&#x10DD;&#x10D6;&#x10D0;&#x10EB;&#x10D4;,&#x10D0;.&#x10D3;. </subfield>
    <subfield code="9">3054</subfield>
  </datafield>
  <datafield tag="245" ind1=" " ind2=" ">
    <subfield code="a">&#x10D2;&#x10DA;&#x10D8;&#x10DC;&#x10D5;&#x10D8;&#x10E1; &#x10EC;&#x10D0;&#x10E0;&#x10DB;&#x10DD;&#x10D4;&#x10D1;&#x10D8;&#x10E1; &#x10E1;&#x10D0;&#x10E4;&#x10E3;&#x10EB;&#x10D5;&#x10DA;&#x10D4;&#x10D1;&#x10D8; :   &#x10EC;&#x10D8;&#x10D2;&#x10DC;&#x10D8; &#x10DE;&#x10D8;&#x10E0;&#x10D5;&#x10D4;&#x10DA;&#x10D8;    /</subfield>
    <subfield code="c">&#x10D0;.&#x10D3;.  &#x10DC;&#x10DD;&#x10D6;&#x10D0;&#x10EB;&#x10D4; ;  &#x10EF;.&#x10DB;.  &#x10DA;&#x10DD;&#x10DB;&#x10E1;&#x10D0;&#x10EB;&#x10D4; ;  &#x10E0;&#x10D4;&#x10D3; : &#x10DA;.&#x10DC;.&#x10DD;&#x10D9;&#x10DA;&#x10D4;&#x10D8;.</subfield>
  </datafield>
  <datafield tag="264" ind1=" " ind2=" ">
    <subfield code="a">&#x10D7;&#x10D1;&#x10D8;&#x10DA;&#x10D8;&#x10E1;&#x10D8; :</subfield>
    <subfield code="b">&#x10EA;&#x10DD;&#x10D3;&#x10DC;&#x10D0;, </subfield>
    <subfield code="c">1961.</subfield>
  </datafield>
  <datafield tag="300" ind1=" " ind2=" ">
    <subfield code="a">431 &#x10D2;&#x10D5; .:</subfield>
    <subfield code="b">&#x10D8;&#x10DA; ;</subfield>
    <subfield code="c">22 &#x10E1;&#x10DB;.</subfield>
  </datafield>
  <datafield tag="653" ind1=" " ind2=" ">
    <subfield code="a">&#x10D2;&#x10DA;&#x10D8;&#x10DC;&#x10D5;&#x10D8;&#x10E1; &#x10EC;&#x10D0;&#x10E0;&#x10DB;&#x10DD;&#x10D4;&#x10D1;&#x10D0;</subfield>
  </datafield>
  <datafield tag="700" ind1=" " ind2=" ">
    <subfield code="a">&#x10DA;&#x10DD;&#x10DB;&#x10E1;&#x10D0;&#x10EB;&#x10D4;, &#x10EF;.&#x10DB;.</subfield>
    <subfield code="9">3055</subfield>
  </datafield>
  <datafield tag="700" ind1=" " ind2=" ">
    <subfield code="a">&#x10DD;&#x10D9;&#x10DA;&#x10D4;&#x10D8;, &#x10DA;.&#x10DC;</subfield>
    <subfield code="e">&#x10E0;&#x10D4;&#x10D3;&#x10D0;&#x10E5;&#x10E2;&#x10DD;&#x10E0;&#x10D8;</subfield>
    <subfield code="9">3056</subfield>
  </datafield>
  <datafield tag="942" ind1=" " ind2=" ">
    <subfield code="c">BK</subfield>
    <subfield code="2">udc</subfield>
  </datafield>
  <datafield tag="952" ind1=" " ind2=" ">
    <subfield code="0">0</subfield>
    <subfield code="1">0</subfield>
    <subfield code="2">udc</subfield>
    <subfield code="4">0</subfield>
    <subfield code="6">6217710758_&#x10DC;81</subfield>
    <subfield code="7">0</subfield>
    <subfield code="9">41811</subfield>
    <subfield code="a">SPL</subfield>
    <subfield code="b">SPL</subfield>
    <subfield code="c">GEN</subfield>
    <subfield code="d">2018-12-17</subfield>
    <subfield code="g">1.00</subfield>
    <subfield code="o">621.771(075.8) &#x10DC;-81</subfield>
    <subfield code="p">11060</subfield>
    <subfield code="r">2018-12-17</subfield>
    <subfield code="t">11060</subfield>
    <subfield code="w">2018-12-17</subfield>
    <subfield code="y">BK</subfield>
    <subfield code="z">1 &#x10DA;. 78 &#x10D7;.</subfield>
  </datafield>
  <datafield tag="952" ind1=" " ind2=" ">
    <subfield code="0">0</subfield>
    <subfield code="1">0</subfield>
    <subfield code="2">udc</subfield>
    <subfield code="4">0</subfield>
    <subfield code="6">6217710758_&#x10DC;81</subfield>
    <subfield code="7">0</subfield>
    <subfield code="9">41812</subfield>
    <subfield code="a">SPL</subfield>
    <subfield code="b">SPL</subfield>
    <subfield code="c">GEN</subfield>
    <subfield code="d">2018-12-17</subfield>
    <subfield code="g">1.00</subfield>
    <subfield code="o">621.771(075.8) &#x10DC;-81</subfield>
    <subfield code="p">11059</subfield>
    <subfield code="r">2018-12-17</subfield>
    <subfield code="t">11059</subfield>
    <subfield code="w">2018-12-17</subfield>
    <subfield code="y">BK</subfield>
    <subfield code="z">1 &#x10DA;. 78 &#x10D7;.</subfield>
  </datafield>
</record>
